LIBRARY & INFORMATION CENTRE, KCAET, TAVANUR

ONLINE PUBLIC ACCESS CATALOGUE (OPAC)

Fertilisers organic manuels recyclable wastes and biofertilisers: components of integrated plant nutrition / (Record no. 3569)

MARC details
000 -LEADER
fixed length control field 00550cam a2200169ua 4500
020 ## - INTERNATIONAL STANDARD BOOK NUMBER
ISBN 81 85116 16 4
041 ## - LANGUAGE CODE
Language code of text/sound track or separate title eng
082 ## - DEWEY DECIMAL CLASSIFICATION NUMBER
Classification number 631.87
Item number TON/FE
100 ## - MAIN ENTRY--AUTHOR NAME
Personal name Tendon, H L S .
245 ## - TITLE STATEMENT
Title Fertilisers organic manuels recyclable wastes and biofertilisers: components of integrated plant nutrition /
260 ## - PUBLICATION, DISTRIBUTION, ETC. (IMPRINT)
Place of publication Newdelhi :
Name of publisher Fertiliser development and consultation organisation ,
Year of publication 1997.
300 ## - PHYSICAL DESCRIPTION
Number of Pages 147 ; .
942 ## - ADDED ENTRY ELEMENTS (KOHA)
Koha item type Books
Holdings
Withdrawn status Lost status Damaged status Home library Current library Date acquired Full call number Accession Number Koha item type
      KAUAET KAUAET 07/04/2012 631.87 19661 Books
free website counter